Normal view
MARC view
- Elmoataz, Abderrahim, Lezoray, Olivier, Nouboud, Fathallah
Entry Personal Name
001 - CONTROL NUMBER
- control field: 68432
003 - CONTROL NUMBER IDENTIFIER
- control field: NUST
005 - DATE AND TIME OF LATEST TRANSACTION
- control field: 20210628204039.0
008 - FIXED-LENGTH DATA ELEMENTS
- fixed length control field: 210628|| aca||aabn | a|a d
040 ## - CATALOGING SOURCE
- Original cataloging agency: NUST
- Transcribing agency: NUST
100 ## - HEADING--PERSONAL NAME
- Personal name: Elmoataz, Abderrahim, Lezoray, Olivier, Nouboud, Fathallah
670 ## - SOURCE DATA FOUND
- Source citation: Work cat.: (NUST): Elmoataz, Abderrahim, Lezoray, Olivier, Nouboud, Fathallah, Image and signal processing, 4th international conference, icisp 2010 trois-riviers, qc canada, june 30 july 2, 2010 proceedings, 2010
